[Event "Copenhagen Challenge"]
[Site "Ballerup"]
[Date "2016.04.24"]
[Round "9"]
[White "Allam, Dariusz"]
[Black "Kallenbach, Uffe"]
[Result "1-0"]
[WhiteElo "1922"]
[BlackElo "1694"]
[PlyCount "61"]
[EventDate "2016.04.20"]
[EventType "swiss"]
[EventRounds "9"]
[EventCountry "DEN"]
[SourceTitle "CBM 172 Extra"]
[Source "ChessBase"]
[SourceDate "2016.06.21"]
[SourceVersion "1"]
[SourceVersionDate "2016.06.21"]
[SourceQuality "1"]

1. d4 Nf6 2. c4 e6 3. Nc3 d5 4. c5 Be7 5. Bf4 c6 6. e3 Nbd7 7. Nf3 0-0 8. Bd3 Re8 9. Qc2 Nf8 10. Ne5 N6d7 11. 0-0 Nxe5 12. Bxe5 f6 13. Bg3 e5 14. b4 e4 15. Be2 Bf5 16. b5 Bg6 17. bxc6 bxc6 18. Qa4 Qd7 19. Ba6 Ne6 20. Rab1 Nd8 21. Nxd5 Ne6 22. Nf4 Ng5 23. Bb7 Rec8 24. Qa6 Bf7 25. Bxc8 Rxc8 26. Rb7 Rc7 27. Rxc7 Qxc7 28. Rb1 Qd7 29. Rb7 Qg4 30. h3 Qd1+ 31. Qf1 1-0

[Event "Copenhagen Challenge"]
[Site "Ballerup"]
[Date "2016.04.21"]
[Round "3"]
[White "Karlsson, Ulf"]
[Black "Allam, Dariusz"]
[Result "1/2-1/2"]
[WhiteElo "2026"]
[BlackElo "1922"]
[PlyCount "85"]
[EventDate "2016.04.20"]
[EventType "swiss"]
[EventRounds "9"]
[EventCountry "DEN"]
[SourceTitle "CBM 172 Extra"]
[Source "ChessBase"]
[SourceDate "2016.06.21"]
[SourceVersion "1"]
[SourceVersionDate "2016.06.21"]
[SourceQuality "1"]

1. e4 d6 2. Nc3 Nf6 3. g3 g6 4. Bg2 c5 5. d3 Nc6 6. Nge2 Bg7 7. f4 Rb8 8. h3 Nd7 9. g4 a6 10. 0-0 Nd4 11. Ng3 e6 12. Nce2 b5 13. c3 Nxe2+ 14. Qxe2 b4 15. c4 0-0 16. Be3 a5 17. Qd2 Ba6 18. Rab1 Nb6 19. f5 Qh4 20. Ne2 h6 21. Bf2 Qd8 22. Bg3 e5 23. fxg6 fxg6 24. Rxf8+ Qxf8 25. Rf1 Qe7 26. Bf2 Kh7 27. Ng3 Bc8 28. Ra1 Be6 29. Nf1 Bf6 30. Be3 Bg5 31. Bxg5 Qxg5 32. Qxg5 hxg5 33. Nd2 Na4 34. Rb1 Nb6 35. Kf2 Rf8+ 36. Ke3 a4 37. Bf3 Kg7 38. Be2 Rh8 39. Bf1 Nd7 40. Nf3 Kh6 41. Be2 Rf8 42. Bd1 Nb6 43. Be2 1/2-1/2